00413cam a2200157ua 45000010005000000080039000050400009000440820013000531000035000662450045001012500009001462600038001553000017001936530024002106530021002343804111221n ii |||gr||||Z||||||asm cMAIN a891.4514 aSarma, Basanta Kumar,eAuthor.11aBibidh prabandhacby Basanta Kumar Sarma a1st. aGuwahati:bSarada Prakash,c2004. a156p:c23cm. aAssamese literature aBibidh prabandha